My Inventions : Autobiography of Nikola Tesla (Record no. 369805)
[ view plain ]
| 000 -LEADER | |
|---|---|
| fixed length control field | 00465nam a2200169 4500 |
| 005 - DATE AND TIME OF LATEST TRANSACTION | |
| control field | 20260109113033.0 |
| 008 - FIXED-LENGTH DATA ELEMENTS--GENERAL INFORMATION | |
| fixed length control field | 260109b |||||||| |||| 00| 0 eng d |
| 020 ## - INTERNATIONAL STANDARD BOOK NUMBER | |
| International Standard Book Number | 978-93-5440-147-3 |
| 041 ## - LANGUAGE CODE | |
| Language code of text/sound track or separate title | English |
| 082 ## - DEWEY DECIMAL CLASSIFICATION NUMBER | |
| Classification number | X 920 TES |
| Item number | B12144 |
| 100 ## - MAIN ENTRY--PERSONAL NAME | |
| Author | Tesla, Nikola |
| 245 ## - TITLE STATEMENT | |
| Title | My Inventions : Autobiography of Nikola Tesla |
| 260 ## - PUBLICATION, DISTRIBUTION, ETC. | |
| Place of publication, distribution, etc. | New Delhi |
| Name of publisher, distributor, etc. | Fingerprint Publishing |
| Date of publication, distribution, etc. | 2025 |
| 300 ## - PHYSICAL DESCRIPTION | |
| Extent | 103p. |
| Other physical details | pb |
| 365 ## - TRADE PRICE | |
| Price type code | Rupaye |
| Price amount | 139 |
| Currency code | INR |
| 942 ## - ADDED ENTRY ELEMENTS (KOHA) | |
| Koha item type | Books |
| Withdrawn status | Lost status | Source of classification or shelving scheme | Damaged status | Not for loan | Collection code | Home library | Current library | Date acquired | Vendor | Net Price | Bill number | Total Checkouts | Full call number | Barcode | Date last seen | Discount | Actual Price | Bill Date | Koha item type | Original Barcode |
|---|---|---|---|---|---|---|---|---|---|---|---|---|---|---|---|---|---|---|---|---|
| Dewey Decimal Classification | Non-fiction | Smt. Bakul Tambat Institute of Nursing Education | Smt. Bakul Tambat Institute of Nursing Education | 30/12/2025 | Amazon(online) 171-8857929-6045135 | 133.44 | BOM7-4326342 | X 920 TES B12144 | BTIN-BK-12144 | 09/01/2026 | 5.56 | 139.00 | 22/11/2025 | Books | BTIN-BK-12144 |